<?xml version="1.0" encoding="UTF-8" ?>
<collection xmlns="http://www.loc.gov/MARC21/slim"><record><leader>00964nam a2200265 c 4500</leader><controlfield tag="001">19502</controlfield><controlfield tag="003">CH-000273-5</controlfield><controlfield tag="005">20161219174507.0</controlfield><datafield tag="035" ind1=" " ind2=" "><subfield code="a">(OCoLC)245971204</subfield></datafield><datafield tag="041" ind1=" " ind2=" "><subfield code="a">fre</subfield></datafield><datafield tag="100" ind1="1" ind2="0"><subfield code="a">Arp, Hans </subfield><subfield code="d">1887-1966</subfield></datafield><datafield tag="245" ind1="0" ind2="3"><subfield code="a">Le siège de l&apos;air</subfield><subfield code="b">poèmes 1915-1945</subfield><subfield code="c">Arp ; avec huit duo-dessins par Arp et Taeuber-Arp et un avant-propos par Alain Gheerbrant</subfield><subfield code="h">Buch</subfield></datafield><datafield tag="260" ind1=" " ind2=" "><subfield code="a">Paris</subfield><subfield code="b">Vrille</subfield><subfield code="c">1946</subfield></datafield><datafield tag="300" ind1=" " ind2=" "><subfield code="a">140 S.</subfield><subfield code="b">Ill.</subfield><subfield code="c">22 x 16,5 cm</subfield></datafield><datafield tag="490" ind1=" " ind2=" "><subfield code="a">Collection le Quadrangle</subfield></datafield><datafield tag="510" ind1="4" ind2="0"><subfield code="a">Dada in Zürich 1985</subfield><subfield code="c">S. 183, Nr. 68</subfield></datafield><datafield tag="562" ind1=" " ind2=" "><subfield code="b">Exemplar-Nr. 877</subfield></datafield><datafield tag="600" ind1="1" ind2="4"><subfield code="a">Arp, Hans</subfield><subfield code="d">16.9.1886 - 7.6.1966</subfield></datafield><datafield tag="600" ind1="2" ind2="4"><subfield code="a">Taeuber-Arp, Sophie</subfield><subfield code="d">1889-1943</subfield></datafield><datafield tag="600" ind1="1" ind2="4"><subfield code="a">Gheerbrant, Alain</subfield></datafield><datafield tag="651" ind1="0" ind2="4"><subfield code="a">Zürich</subfield><subfield code="x">Kunsthaus Zürich</subfield><subfield code="x">Dadaismus</subfield><subfield code="x">Sammlung</subfield></datafield><datafield tag="700" ind1="2" ind2="0"><subfield code="a">Taeuber-Arp, Sophie </subfield><subfield code="d">1889-1943</subfield></datafield><datafield tag="700" ind1="1" ind2="0"><subfield code="a">Gheerbrant, Alain</subfield></datafield><datafield tag="852" ind1="4" ind2="0"><subfield code="a">CH-000273-5</subfield><subfield code="c">DADA I:31</subfield></datafield><datafield tag="856" ind1="4" ind2="1"><subfield code="u">https://digital.kunsthaus.ch/viewer/image/19502/1/</subfield><subfield code="y">Kunsthaus Zürich Sammlungen online</subfield></datafield></record></collection>